[Event "Kesarovski Georgiev Memorial-B 12th"]
[Site "Sunny Beach"]
[Date "2013.09.06"]
[Round "7"]
[White "Bassel, Charaf"]
[Black "Mammadov, Farid Yediyar"]
[Result "1-0"]
[WhiteElo "2070"]
[BlackElo "2146"]
[PlyCount "75"]
[EventDate "2013.08.31"]
[EventType "swiss"]
[EventRounds "9"]
[EventCountry "BUL"]
[SourceTitle "CBM 156 Extra"]
[Source "ChessBase"]
[SourceDate "2013.10.22"]
[SourceVersion "1"]
[SourceVersionDate "2013.10.22"]
[SourceQuality "1"]

1. b3 Nf6 2. Bb2 g6 3. Bxf6 exf6 4. c4 d5 5. cxd5 Qxd5 6. Nc3 Qa5 7. a3 Be6 8. b4 Qh5 9. g3 c6 10. Bg2 Nd7 11. Nf3 0-0-0 12. 0-0 Nb6 13. Qb1 g5 14. b5 c5 15. d3 g4 16. Nd2 Qe5 17. Rc1 f5 18. Nb3 h5 19. Na5 Rd7 20. e3 Rc7 21. Ne2 Qd6 22. d4 c4 23. Nf4 Bd7 24. Ra2 Bh6 25. Rac2 Bxf4 26. gxf4 Qxa3 27. Nxc4 Nxc4 28. Rxc4 Rxc4 29. Rxc4+ Kb8 30. b6 Rc8 31. bxa7+ Qxa7 32. Rb4 Rc7 33. h4 Bc8 34. Kh2 Qa3 35. Rb6 Qe7 36. Kg3 Qa3 37. d5 Qc1 38. d6 1-0

[Event "Kesarovski Georgiev Memorial-B 12th"]
[Site "Sunny Beach"]
[Date "2013.09.02"]
[Round "3"]
[White "Yordanova, Svetla"]
[Black "Mammadov, Farid Yediyar"]
[Result "1-0"]
[WhiteElo "2048"]
[BlackElo "2146"]
[PlyCount "99"]
[EventDate "2013.08.31"]
[EventType "swiss"]
[EventRounds "9"]
[EventCountry "BUL"]
[SourceTitle "CBM 156 Extra"]
[Source "ChessBase"]
[SourceDate "2013.10.22"]
[SourceVersion "1"]
[SourceVersionDate "2013.10.22"]
[SourceQuality "1"]

1. d4 Nf6 2. c4 g6 3. Nc3 Bg7 4. e4 d6 5. Nf3 0-0 6. Be2 Nbd7 7. 0-0 e5 8. Be3 Re8 9. d5 h6 10. Nd2 g5 11. b4 Nf8 12. c5 Ng6 13. g3 Nf4 14. Bb5 Bd7 15. Bxd7 Qxd7 16. f3 Nh3+ 17. Kg2 g4 18. Rc1 a5 19. b5 dxc5 20. Nc4 Ng5 21. Bxg5 hxg5 22. Ne3 gxf3+ 23. Rxf3 Ng4 24. Nf5 Nh6 25. a4 Nxf5 26. Rxf5 f6 27. Qg4 Re7 28. Nd1 c4 29. Ne3 Qd6 30. Rxc4 Qa3 31. Qe2 Rf8 32. Rf3 Rd7 33. Nf5 Qa1 34. Rf1 Qa3 35. Rf3 Qa1 36. Rfc3 Rff7 37. Qc2 Qe1 38. Re3 Qa1 39. Rec3 Qe1 40. Qf2 Qd1 41. h3 Bf8 42. Rc1 Qb3 43. Qc2 Qa3 44. Qc3 Qa2+ 45. Rc2 Qb1 46. Rc1 Qa2+ 47. Qc2 Qxc2+ 48. R1xc2 Bb4 49. Nh6+ Kg7 50. Nxf7 1-0

[Event "Lienz op 17th"]
[Site "Lienz"]
[Date "2013.02.13"]
[Round "6"]
[White "Schwarhofer, Christopher"]
[Black "Mammadov, Farid Yediyar"]
[Result "1/2-1/2"]
[WhiteElo "2285"]
[BlackElo "2119"]
[PlyCount "95"]
[EventDate "2013.02.09"]
[EventType "swiss"]
[EventRounds "9"]
[EventCountry "AUT"]
[SourceTitle "CBM 152 Extra"]
[Source "ChessBase"]
[SourceDate "2013.02.25"]
[SourceVersion "1"]
[SourceVersionDate "2013.02.25"]
[SourceQuality "1"]

1. e4 g6 2. d4 Bg7 3. Nc3 d6 4. f4 c6 5. Nf3 Bg4 6. Be3 Qb6 7. Qd2 Bxf3 8. gxf3 Qxb2 9. Rb1 Qa3 10. Rxb7 Nf6 11. Nb1 Qxa2 12. c4 Qxd2+ 13. Kxd2 Nh5 14. Nc3 Bh6 15. Ne2 Nd7 16. Bh3 Nb6 17. Kc3 e6 18. Ra1 0-0 19. Raxa7 Rxa7 20. Rxa7 Ra8 21. Rxa8+ Nxa8 22. Kb4 Kf8 23. Ka5 Ke7 24. Ka6 Nc7+ 25. Kb7 Kd7 26. Bg4 Nf6 27. Nc3 Nxg4 28. fxg4 e5 29. dxe5 dxe5 30. g5 exf4 31. Bf2 Bxg5 32. Na4 Ne6 33. e5 Bd8 34. c5 g5 35. Nb6+ Bxb6 36. cxb6 Nd8+ 37. Kb8 c5 38. Bxc5 Kc6 39. Be7 Nb7 40. Bxg5 Kxb6 41. Bxf4 Kc6 42. Kc8 Nc5 43. Kd8 Ne6+ 44. Ke7 Nxf4 45. Kxf7 Kd5 46. Kf6 h5 47. Kf5 Ne6 48. h4 1/2-1/2

[Event "Baku President's Cup 2nd"]
[Site "Baku"]
[Date "2007.05.09"]
[Round "7"]
[White "Mammadov, Farid Yediyar"]
[Black "Morchiashvili, Bachana"]
[Result "0-1"]
[WhiteElo "2222"]
[BlackElo "2396"]
[PlyCount "64"]
[EventDate "2007.05.03"]
[EventType "swiss"]
[EventRounds "9"]
[EventCountry "AZE"]
[SourceTitle "CBM 118 Extra"]
[Source "ChessBase"]
[SourceDate "2007.07.04"]
[SourceVersion "1"]
[SourceVersionDate "2007.07.04"]
[SourceQuality "1"]

1. Nf3 Nf6 2. g3 b5 3. Bg2 Bb7 4. 0-0 e6 5. b3 c5 6. c4 a6 7. Nc3 b4 8. Na4 Be7 9. d4 cxd4 10. Bb2 d6 11. Bxd4 Nbd7 12. Qd2 a5 13. Rfd1 e5 14. Bb2 Qc7 15. a3 Rb8 16. axb4 axb4 17. Qg5 0-0 18. Nh4 Ne4 19. Qe3 Bg5 20. Qd3 Ndc5 21. Qc2 Bxh4 22. gxh4 f5 23. Nxc5 Nxc5 24. f3 Rbe8 25. Bc1 f4 26. Bd2 Qb6 27. Kh1 Ne6 28. Be1 Nd4 29. Qd3 Nf5 30. Bh3 e4 31. Qd2 exf3 32. e4 fxe3 0-1

[Event "Baku President's Cup 2nd"]
[Site "Baku"]
[Date "2007.05.08"]
[Round "6"]
[White "Zarkua, Davit"]
[Black "Mammadov, Farid Yediyar"]
[Result "0-1"]
[WhiteElo "2390"]
[BlackElo "2222"]
[PlyCount "56"]
[EventDate "2007.05.03"]
[EventType "swiss"]
[EventRounds "9"]
[EventCountry "AZE"]
[SourceTitle "CBM 118 Extra"]
[Source "ChessBase"]
[SourceDate "2007.07.04"]
[SourceVersion "1"]
[SourceVersionDate "2007.07.04"]
[SourceQuality "1"]

1. c4 Nf6 2. Nc3 g6 3. g3 Bg7 4. Bg2 0-0 5. Nf3 d6 6. d4 Nbd7 7. 0-0 e5 8. h3 c6 9. dxe5 dxe5 10. Be3 Qe7 11. Qb3 Re8 12. Rfd1 Nc5 13. Qa3 Bf8 14. Rac1 a5 15. Nd2 Be6 16. Nd5 cxd5 17. cxd5 Bxd5 18. Bxc5 Qe6 19. Bxd5 Nxd5 20. Bxf8 Rxf8 21. Qb3 a4 22. Qb5 Nf6 23. Nc4 Qxh3 24. Qxb7 e4 25. Ne3 Ra5 26. Rd5 Rxd5 27. Nxd5 Ng4 28. Ne7+ Kh8 0-1